00836nam a22002177a 450000500170000001000150001702000270003203500140005903700090007308200140008224500980009625000060019426000470020027000590024730000330030670000390033970000420037894200250042099900190044595201540046420251001120954.0 aENG-146921 a9788198873170c7000.00 aEN-130453 bDBAD 21a954.13 aLakhisarai:cForword By Mithilesh Mishra [and] Photography By Raviraaj patelbPride of Bihar/ a1 aMumbaibRelyone Corporates Pvt. Ltd.c2025 bMumbaimrelyone2022@gmail.commstudios.rwork@gmail.com a203p. c43cm(hb) bcol.,ill. aMishra, Mithilesh eForword985325 aPatel, Raviraaj ePhotographer985326 2ddccENh954.13mLAK c213548d213548 001040718REFaLbLd2025-10-01eDelivery of Books Act Divisiong7000.00l0o954.13 LAKpEN-130453r2025-10-01 00:00:00t1v7000.00w2025-10-01yEN